Engineering mechanics / (Record no. 49949)
[ view plain ]
| 000 -LEADER | |
|---|---|
| fixed length control field | 00966nam a22002777a 4500 |
| 005 - DATE AND TIME OF LATEST TRANSACTION | |
| control field | 20110119121311.0 |
| 008 - FIXED-LENGTH DATA ELEMENTS--GENERAL INFORMATION | |
| fixed length control field | 110119t xxu||||| |||| 00| 0 eng d |
| 010 ## - LCCN (DPL NO) | |
| LC control number | ENG-101911 |
| 020 ## - INTERNATIONAL STANDARD BOOK NUMBER | |
| International Standard Book Number | 9780070704640 |
| Terms of availability | 265.00 |
| 020 ## - INTERNATIONAL STANDARD BOOK NUMBER | |
| International Standard Book Number | 0070704643 |
| Terms of availability | 265.00 |
| 035 ## - SYSTEM CONTROL NUMBER | |
| System control number | EN-85444 |
| 037 ## - SOURCE OF ACQUISITION | |
| Source of stock number/acquisition | DBAD / PUB |
| 040 ## - CATALOGING SOURCE | |
| Original cataloging agency | dpl |
| Language of cataloging | Eng |
| 082 ## - DEWEY DECIMAL CLASSIFICATION NUMBER | |
| Classification number | 620.1 |
| 100 ## - MAIN ENTRY--PERSONAL NAME | |
| Personal name | Nag, P.K. |
| 9 (RLIN) | 25381 |
| 245 ## - TITLE STATEMENT | |
| Title | Engineering mechanics / |
| Statement of responsibility, etc | by P.K.Nag, Sukumar Pati [and] T.K.Jana |
| 260 ## - PUBLICATION, DISTRIBUTION, ETC. (IMPRINT) | |
| Place of publication, distribution, etc | New Delhi |
| Name of publisher, distributor, etc | Tata McGraw-Hill |
| Date of publication, distribution, etc | 2011 |
| 270 ## - ADDRESS | |
| Address | 7 West Patel Nagar |
| City | New Delhi |
| Postal code | 110008 |
| 300 ## - PHYSICAL DESCRIPTION | |
| Extent | various pagings : |
| Other physical details | ill. |
| Dimensions | 24 cm (pbk) |
| 500 ## - GENERAL NOTE | |
| General note | Incl;udes bibliographical references |
| 650 ## - SUBJECT ADDED ENTRY--TOPICAL TERM | |
| 9 (RLIN) | 25383 |
| 700 ## - ADDED ENTRY--PERSONAL NAME | |
| Personal name | Pati, Sukumar |
| 9 (RLIN) | 25388 |
| 700 ## - ADDED ENTRY--PERSONAL NAME | |
| Personal name | Jana, T.K. |
| 9 (RLIN) | 25389 |
| 942 ## - ADDED ENTRY ELEMENTS (KOHA) | |
| Institution code [OBSOLETE] | dpl |
| Item type | English Books |
| Source of classification or shelving scheme | Dewey Decimal Classification |
| Classification part | 620.1 |
| Call number suffix | NAG |
| Withdrawn status | Lost status | Source of classification or shelving scheme | Damaged status | Not for loan | Collection code | Home library | Current library | Date acquired | Source of acquisition | Cost, normal purchase price | Total Checkouts | Full call number | Barcode | Date last seen | Copy number | Cost, replacement price | Koha item type |
|---|---|---|---|---|---|---|---|---|---|---|---|---|---|---|---|---|---|
| Dewey Decimal Classification | Not For Loan | Non-fiction | D.B.Act.Division | D.B.Act.Division | 19/01/2011 | DBAD/PUB | 265.00 | 620.1 NAG | EN-85444 | 19/01/2011 | 1 | 265.00 | English Books |
